Моя столь длинная дорога: пер. с фр.

Détails bibliographiques
Auteur principal: Труайя А. Анри
Autres auteurs: Унанянц Н. (переводчик)
Résumé:Анри Труайя — знаменитый французский писатель русского происхождения, член Французской академии, лауреат многочисленных литературных премий, автор более сотни книг, выдающийся исследователь исторического и культурного наследия России и Франции. Одним из самых значительных произведений, созданных Анри Труайя, литературные критики считают его мемуары. Это увлекательнейшее литературное повествование, искреннее, эмоциональное, то исполненное драматизма, то окрашенное иронией. Это еще и интереснейший документ эпохи, в котором талантливый писатель, историк, мыслитель описывает грандиозную картину событий двадцатого века со всеми его катаклизмами — от Первой мировой войны и революции до Второй мировой войны и начала перемен в России. В советское время оригиналы первых изданий мемуаров Труайя находились в спецхране, куда имел доступ узкий круг специалистов. Теперь у вас появилась возможность прочитать полную версию этой книги, впервые изданную на русском языке.
Langue:russe
Publié: Москва, Эксмо, 2005
Collection:Русские биографии
Sujets:
Format: Livre
KOHA link:https://koha.lib.tpu.ru/cgi-bin/koha/opac-detail.pl?biblionumber=91479

MARC

LEADER 00000nam0a2200000 4500
001 91479
005 20231101213756.0
010 |a 5699120130 
035 |a (RuTPU)RU\TPU\book\98067 
090 |a 91479 
100 |a 20060226d2005 m y0rusy50 ca 
101 1 |a rus  |c fre 
102 |a RU 
105 |a c z 000ab 
200 1 |a Моя столь длинная дорога  |e пер. с фр.  |f А. Труайя  |g пер. Н. Унанянц 
210 |a Москва  |c Эксмо  |d 2005 
215 |a 320 с.  |c ил. 
225 1 |a Русские биографии 
330 |a Анри Труайя — знаменитый французский писатель русского происхождения, член Французской академии, лауреат многочисленных литературных премий, автор более сотни книг, выдающийся исследователь исторического и культурного наследия России и Франции. Одним из самых значительных произведений, созданных Анри Труайя, литературные критики считают его мемуары. Это увлекательнейшее литературное повествование, искреннее, эмоциональное, то исполненное драматизма, то окрашенное иронией. Это еще и интереснейший документ эпохи, в котором талантливый писатель, историк, мыслитель описывает грандиозную картину событий двадцатого века со всеми его катаклизмами — от Первой мировой войны и революции до Второй мировой войны и начала перемен в России. В советское время оригиналы первых изданий мемуаров Труайя находились в спецхране, куда имел доступ узкий круг специалистов. Теперь у вас появилась возможность прочитать полную версию этой книги, впервые изданную на русском языке. 
600 1 |a Труайя  |b А.  |c французский писатель  |f 1911-  |g Анри  |2 stltpush  |3 (RuTPU)RU\TPU\pers\17239  |9 6371 
610 1 |a французская литература 
610 1 |a мемуары 
675 |a 84  |v 3 
700 1 |a Труайя  |b А.  |c французский писатель  |f 1911-  |g Анри  |2 stltpush  |3 (RuTPU)RU\TPU\pers\17239  |9 6371 
702 1 |a Унанянц  |b Н.  |4 730 
801 1 |a RU  |b 63413507  |c 20060226  |g PSBO 
801 2 |a RU  |b 63413507  |c 20221206  |g PSBO 
942 |c BK 
959 |a 18/20060226  |d 1  |e 153,89  |f ХФ:1